000 00935cam a2200193 4500
001 WB3947-09
008 031211n2003 000 0 eng u
035 _a(Sirsi) u124603
245 _aFPD Savills market comment on house prices
260 _c2003
490 _aFPD Savills Research
_v December 2003 (2)
520 _aFPD Savills comment that there has been a slowdown in all the main house price indices, and they expect this trend to continue into 2004. They forecast that mainstream UK house prices will rise by 4% in 2004, with this more prevalent at the top end of the market since there are limited supplies and buyers are less reliant on mortgages. A copy of the comment is available from http://www.fpdsavills.co.uk.
590 _aWB
650 _aHOUSING-MARKET
650 _aHOUSE PRICE INDICES
650 _aRESIDENTIAL MARKET
690 _aPROPERTY-RESIDENTIAL PROPERTY-RESIDENTIAL PROPERTY MARKET
942 _n0
999 _c73950
_d73950